Kursus Penghayatan Islam 23 - 25 November 1998

Bibliographic Details
Format: Book
Subjects:
Online Access:http://app.inspen.gov.my:7779/pls/portal/docs/PAGE/CORPORATEPAGES/PORTAL_INSPEN/NOTA_KURSUS/MANAGEMENT/PE.PDF

MARC

LEADER 00000cam a2200000 7i4500
001 0000006083
005 20071213.0
040 |a INS 
090 0 0 |a M48 
245 0 0 |a Kursus Penghayatan Islam 23 - 25 November 1998 
500 |a Digital document is available on-line; Please click the URL below 
650 0 0 |a Pengurusan 
856 |u http://app.inspen.gov.my:7779/pls/portal/docs/PAGE/CORPORATEPAGES/PORTAL_INSPEN/NOTA_KURSUS/MANAGEMENT/PE.PDF 
999 |a M000000060   |b BOOK   |c Course Notes   |e Default branch 
999 |a M000000907   |b BOOK   |c Course Notes   |e Default branch